000 01100naa a22003017a 4500
001 BR6009597
003 BR-BrBNA
005 20240918173044.0
007 ta
008 230509b bl.||||| |||| 00| 0 por d
040 _aBR-BrBNA
_bpor
_cBiblioteca Nacional de Agricultura
041 _a(Pt)
072 _aF00
_b3575
_bG514
090 _aF00 BR6009597
100 1 _aFerreira, S.
111 1 _a2. Seminario Brasileiro de Sementes
_cPelotas, RS (Brazil)
_d16 Sep 1968
245 1 _aImportancia do laboratorio de sementes na produtividade agricola [Producao vegetal; Paraiba; Nordeste; Brasil]
260 3 _aRio de Janeiro, GB (Brasil):
_c1970.
500 _aAnais do 2. Seminario Brasileiro de Sementes Rio de Janeiro, GB (Brasil): 1970. p. 227-229 (BR6009597-AM)F00
650 _aProducao vegetal
650 _aSemente
650 _aLaboratorio
650 _aRegiao Nordeste
650 _aParaiba
773 0 _tAnais do 2. Seminario Brasileiro de Sementes
_wF00 BR6009597
_gRio de Janeiro, GB (Brasil), 1970. p. 227-229
909 _a202404
_bLucia
_c55
_dLucia Elande
942 _cAM
_2AGRIS
999 _c302679
_d302679